| 000 | 01130nam a22003377a 4500 | ||
|---|---|---|---|
| 001 | BR2012001111 | ||
| 003 | BR-BrBNA | ||
| 005 | 20230928103857.0 | ||
| 007 | ta | ||
| 008 | 230509b bl.||||| |||| 00| 0 por d | ||
| 040 |
_aBR-BrBNA _bpor _cBiblioteca Nacional de Agricultura |
||
| 041 | _a(Por) | ||
| 072 |
_aL72 _b5214 _b4030 |
||
| 090 | _ 5214 BR2012001111 | ||
| 100 | 1 | _aLeite, P.V.B. | |
| 110 | 1 |
_aUniversidade Federal de Minas Gerais, Belo Horizonte (Brasil). Escola de Veterinária _0Tese (Mestre em Medicina Veterinária) |
|
| 245 | 1 | _aDinâmica da infestação, abordagem semiológica e tratamento das infestações por Rhabditis spp. e Raillietia spp. em bovinos Gir. Minas Gerais, 2010 | |
| 260 | 3 |
_aBelo Horizonte, MG (Brasil): _c2010 . |
|
| 300 | _a60 p. | ||
| 500 | _aSummaries (Eng, Por); Bibliography p. 52-56; 9 tables; 12 illus. | ||
| 650 | _aGADO GIR | ||
| 650 | _aGADO LEITEIRO | ||
| 650 | _aÁCARO | ||
| 650 | _aPARASITO DE ANIMAL | ||
| 650 | _aNEMATOIDE | ||
| 650 | _aOTITE | ||
| 650 | _aINFESTAÇÃO | ||
| 650 | _aANTIBIÓTICO | ||
| 909 |
_a202309 _bLucia _c55 _dLucia Elande |
||
| 942 | _cBK | ||
| 999 |
_c77041 _d77041 |
||